Dark Souls Weapons - Statistics

General Stats
  • This quiz has been taken 307 times
  • The average score is 4 of 15
Answer Stats
Hint Answer % Correct
Standard Warrior Weapon. Longsword
58%
Cast Sorceries Catalyst
42%
Multiple poke R2 combo. Ricard's Rapier
42%
Considered "Best Dex Weapon" Great Scythe
36%
Heavy weapon, Medium swing speed, quality weapon, found relatively early. Claymore
34%
EpicNameBro's favorite. Estoc
23%
Obtained from cutting Priscilla's tail off. Priscilla's Dagger
21%
Obtained from giving 30 humanities to dark wraiths. Dark Sword
19%
Leeroy's weapon. Grant
19%
Used to block. Shields
14%
Boss Weapon. Scales in all categories. Obtained by upgrading a broken straight sword. Greatsword of Artorias
13%
Straight sword that causes bleed. Barbed Straight Sword
12%
Fast swings, causes bleed, 3 different kinds. Katanas
11%
Powerful weapons, virtually no stat scalling, upgraded with twinkling titanite. Black Knight Weapons
10%
Good for criticals, causes toxin. Dark Silver Tracer
4%
No matching quizzes found
Score Distribution
Percent of People with Each Score
Percentile by Number Answered
Your Score History
You have not taken this quiz